<?xml version="1.0" encoding="UTF-8"?>
<record
    xmlns:xsi="http://www.w3.org/2001/XMLSchema-instance"
    xsi:schemaLocation="http://www.loc.gov/MARC21/slim http://www.loc.gov/standards/marcxml/schema/MARC21slim.xsd"
    xmlns="http://www.loc.gov/MARC21/slim">

  <leader>00177nam a2200085   4500</leader>
  <controlfield tag="001">1244295</controlfield>
  <controlfield tag="005">20251020115030.0</controlfield>
  <datafield tag="245" ind1=" " ind2=" ">
    <subfield code="a">FANG A&#x130;LES&#x130;</subfield>
    <subfield code="c">KEVIN WILSON</subfield>
  </datafield>
  <datafield tag="260" ind1=" " ind2=" ">
    <subfield code="b">DOM&#x130;NGO</subfield>
  </datafield>
  <datafield tag="999" ind1=" " ind2=" ">
    <subfield code="c">1244295</subfield>
    <subfield code="d">1244295</subfield>
  </datafield>
  <datafield tag="952" ind1=" " ind2=" ">
    <subfield code="0">0</subfield>
    <subfield code="1">0</subfield>
    <subfield code="2">ddc</subfield>
    <subfield code="4">0</subfield>
    <subfield code="7">0</subfield>
    <subfield code="a">1071</subfield>
    <subfield code="b">1071</subfield>
    <subfield code="d">2025-10-20</subfield>
    <subfield code="l">2</subfield>
    <subfield code="o">&#x15E;12</subfield>
    <subfield code="p">10716242</subfield>
    <subfield code="r">2025-10-31 13:38:13</subfield>
    <subfield code="s">2025-10-31</subfield>
    <subfield code="w">2025-10-20</subfield>
    <subfield code="y">BK</subfield>
  </datafield>
</record>
